X-Men Original Team - Statistics

General Stats
  • This quiz has been taken 74 times
  • The average score is 9 of 13
Answer Stats
Answer % Correct
Wolverine
97%
Cyclops
94%
Cyclops
94%
Storm
90%
Beast
87%
Jean Grey
79%
Angel
75%
Iceman
73%
Nightcrawler
67%
Colossus
66%
Banshee
33%
Thunderbird
25%
Sunfire
21%
No matching quizzes found
Score Distribution
Percent of People with Each Score
Percentile by Number Answered
Your Score History
You have not taken this quiz